000 00637nam a2200217Ia 4500
005 20230522123335.0
008 131103s9999 xx 000 0 und d
020 _a070690558X
_cRs.50
040 _aLoreto College
041 _aEnglish
082 _a330.954
_bCHA
100 _aChaudhuri,Pramit
245 4 _aThe Indian economy
_b poverty and development
_cPramit Chaudhuri
260 _aNew Delhi
_bVikas Publishing House
_c1978
300 _aix,279 p.
_b ill.,tables
504 _aIncludes bibliographical references and index
650 _aEconomics
651 _aIndia - Economic Conditions
850 _aLCLIB
942 _cBK
999 _c7473
_d57952